[Event "SPICE Cup Open 2017"]
[Site "Saint Louis USA"]
[Date "2017.10.23"]
[Round "4.8"]
[White "Chandra, Akshat"]
[Black "Cordova, Emilio"]
[Result "1-0"]
[WhiteTitle "GM"]
[BlackTitle "GM"]
[WhiteElo "2483"]
[BlackElo "2608"]
[WhiteFideId "25006711"]
[BlackFideId "3801497"]
[EventDate "2017.10.21"]
[EventType "swiss"]

1. d4 Nf6 2. c4 e6 3. Nf3 Bb4+ 4. Bd2 Qe7 5. g3 c5 6. Bxb4 cxb4 7. Bg2 O-O 8.
O-O a5 9. a3 Na6 10. c5 d6 11. cxd6 Qxd6 12. Nbd2 bxa3 13. bxa3 Bd7 14. Nc4 Qc7
15. Nfe5 Rad8 16. Qb1 Bc6 17. Nxc6 bxc6 18. e3 Rb8 19. Qe1 Rb5 20. Rc1 c5 21.
Ne5 Nd5 22. Qe2 Qb7 23. e4 Nc3 24. Rxc3 cxd4 25. Rc6 Nb8 26. Rc7 Qb6 27. Nf3 Rb3
28. Rc4 Rd8 29. e5 d3 30. Qe4 h6 31. Rd1 Rxa3 32. Bf1 Nd7 33. Rxd3 Ra2 34. Qe3 1-0

[Event "SPICE Cup Open 2017"]
[Site "Saint Louis USA"]
[Date "2017.10.23"]
[Round "4.9"]
[White "Patel, Advait"]
[Black "Barcenilla, Rogelio"]
[Result "0-1"]
[WhiteTitle "IM"]
[BlackTitle "GM"]
[WhiteElo "2448"]
[BlackElo "2446"]
[WhiteFideId "2075105"]
[BlackFideId "5200059"]
[EventDate "2017.10.21"]

1. e4 e5 2. Nf3 Nc6 3. Bc4 Nf6 4. d3 h6 5. O-O d6 6. c3 g6 7. Re1 Bg7 8. Nbd2
O-O 9. Nf1 Na5 10. Bb5 a6 11. Ba4 b5 12. Bc2 c5 13. h3 Re8 14. d4 Qc7 15. d5 Nc4
16. a4 Bd7 17. b3 Na5 18. b4 cxb4 19. cxb4 Rac8 20. Ra2 Nc4 21. a5 Nh5 22. Kh2
Qd8 23. g3 Rc7 24. Nh4 Nf4 25. Nf5 gxf5 26. gxf4 Qh4 27. exf5 Qxf2+ 28. Kh1 Qh4
29. Kg2 Kh8 30. Bb1 Rg8 31. Kh1 exf4 32. Re4 Be5 33. Bxf4 Bxf4 34. Qd4+ Ne5 35.
Rxf4 Qe1 36. Bd3 Qc3 37. Rc2 Qxd4 38. Rxd4 Rgc8 39. Rxc7 Rxc7 40. Be4 Kg7 41.
Kg2 Rc3 42. Bb1 Rc1 43. Be4 Rc3 44. Nd2 Nc4 45. Nxc4 bxc4 46. Bf3 Bxf5 47. Be2
Bd3 48. Bxd3 cxd3 49. Kf3 Kf6 50. Re4 d2+ 51. Ke2 Rd3 52. Kd1 Rxd5 53. Rc4 Ke6
54. Rc6 Rd4 55. Rxa6 Rxb4 56. Ra8 Rb2 57. a6 Ra2 58. a7 Kd5 59. Ke2 h5 60. h4
Kd4 61. Rd8 Rxa7 62. Rxd6+ Ke5 63. Rxd2 Ra4 64. Kf3 Rxh4 65. Kg3 Rg4+ 66. Kf3 0-1

[Event "SPICE Cup Open 2017"]
[Site "Saint Louis USA"]
[Date "2017.10.23"]
[Round "4.10"]
[White "Kavutskiy, Konstantin"]
[Black "Liang, Awonder"]
[Result "0-1"]
[WhiteTitle "IM"]
[BlackTitle "GM"]
[WhiteElo "2390"]
[BlackElo "2554"]
[WhiteFideId "2026384"]
[BlackFideId "2056437"]
[EventDate "2017.10.21"]

1. d4 Nf6 2. c4 e6 3. Nf3 b6 4. g3 Bb7 5. Bg2 Be7 6. O-O O-O 7. Re1 a5 8. Bf4 d6
9. Nc3 Ne4 10. Qc2 Nxc3 11. bxc3 a4 12. c5 h6 13. cxb6 cxb6 14. Rab1 Nd7 15. e4
Qc7 16. Qd2 Rfc8 17. Rbc1 Bf8 18. Qe2 a3 19. h4 e5 20. Be3 Bxe4 21. Bxh6 Bxf3
22. Bxf3 gxh6 23. Bd5 Ra4 24. Bb3 Bg7 25. g4 d5 26. g5 hxg5 27. hxg5 exd4 28.
cxd4 Qxc1 29. Rxc1 Rxc1+ 30. Kg2 Nf8 31. Qd2 Rb1 32. Qd3 Rb2 33. Kg3 Ne6 34. g6
fxg6 35. Qf3 Nxd4 36. Bxd5+ Kh7 0-1

[Event "SPICE Cup Open 2017"]
[Site "Saint Louis USA"]
[Date "2017.10.23"]
[Round "4.11"]
[White "Peng, David"]
[Black "Kannappan, Priyadharshan"]
[Result "1/2-1/2"]
[WhiteTitle "FM"]
[BlackTitle "GM"]
[WhiteElo "2330"]
[BlackElo "2516"]
[WhiteFideId "2059355"]
[BlackFideId "5018293"]
[EventDate "2017.10.21"]

1. e4 e5 2. Nf3 Nc6 3. Bc4 Nf6 4. d3 h6 5. O-O d6 6. c3 g5 7. Na3 Bg7 8. Bb3 O-O
9. Nc4 Be6 10. Re1 Re8 11. Ne3 d5 12. Qc2 d4 13. Nf1 Nh5 14. Bxe6 fxe6 15. h3
Rf8 16. Qe2 Qe8 17. Bd2 Qg6 18. Rac1 Rf7 19. N1h2 dxc3 20. bxc3 Kh7 21. g3 Raf8
22. Kh1 Nf6 23. Be3 Qh5 24. Kg2 Kh8 25. Rh1 Qg6 26. Rhe1 Nh7 27. Qb2 Rb8 28. Qd2
Rd7 29. Rcd1 Nf6 30. Qb2 a6 31. Qb3 Nh7 32. d4 exd4 33. cxd4 Qxe4 34. Bxg5 Qd5
35. Bf4 Qxb3 36. axb3 Nf8 37. Ng4 h5 38. Nge5 Nxe5 39. Bxe5 Rbd8 40. Rc1 c6 41.
Re4 Bxe5 42. Nxe5 Rxd4 43. Nf7+ Kg7 44. Nxd8 Rxe4 45. Nxb7 Rb4 46. Na5 Rb5 47.
b4 Rxb4 48. Rxc6 h4 49. Rxa6 hxg3 50. fxg3 Kf6 51. Nc6 Rb2+ 52. Kf3 Rb3+ 53. Kg4
Rc3 54. h4 Nd7 55. Nd8 Rc4+ 56. Kh3 Re4 1/2-1/2

[Event "SPICE Cup Open 2017"]
[Site "Saint Louis USA"]
[Date "2017.10.23"]
[Round "4.12"]
[White "Yermolinsky, Alex"]
[Black "Plotkin, Victor"]
[Result "1-0"]
[WhiteTitle "GM"]
[BlackTitle "FM"]
[WhiteElo "2490"]
[BlackElo "2262"]
[WhiteFideId "2005492"]
[BlackFideId "2606674"]
[EventDate "2017.10.21"]

1. d4 Nf6 2. c4 d6 3. Nf3 Nbd7 4. Nc3 e5 5. e4 Be7 6. Be2 O-O 7. O-O c6 8. Qc2
Qc7 9. Rd1 Ne8 10. Rb1 a5 11. Be3 g6 12. Na4 Ng7 13. dxe5 dxe5 14. c5 Ne6 15. a3
Nf4 16. Bc4 Nf6 17. Nb6 Rb8 18. Nxc8 Rbxc8 19. g3 N4h5 20. b4 axb4 21. axb4 Ng4
22. Bd2 b5 23. Bf1 Rcd8 24. Bc3 Bf6 25. Rxd8 Rxd8 26. Bh3 Nh6 27. Rd1 Ng7 28.
Rxd8+ Qxd8 29. Qd2 Qxd2 30. Bxd2 1-0

[Event "SPICE Cup Open 2017"]
[Site "Saint Louis USA"]
[Date "2017.10.23"]
[Round "4.13"]
[White "Sturt, Raven"]
[Black "Young, Angelo"]
[Result "1-0"]
[BlackTitle "IM"]
[WhiteElo "2446"]
[BlackElo "2292"]
[WhiteFideId "2007304"]
[BlackFideId "5200490"]
[EventDate "2017.10.21"]

1. d4 c5 2. d5 e5 3. e4 d6 4. Nc3 Be7 5. b3 a6 6. a4 Bg5 7. Bb2 b6 8. h3 Ne7 9.
g3 Ra7 10. Bg2 O-O 11. Nge2 f5 12. exf5 Nxf5 13. Ne4 Raf7 14. O-O h6 15. Qd3 Nd7
16. f4 exf4 17. Nxf4 Bxf4 18. Rxf4 Ne5 19. Qd2 Qe7 20. Raf1 b5 21. a5 b4 22. Kh2
Bd7 23. Re1 Nd4 24. Bxd4 cxd4 25. Qxb4 Rxf4 26. gxf4 Rxf4 27. Qxd6 Ng4+ 28. Kg3 1-0

[Event "SPICE Cup Open 2017"]
[Site "Saint Louis USA"]
[Date "2017.10.23"]
[Round "4.14"]
[White "Proleiko, Julian"]
[Black "Kaliksteyn, Alexander"]
[Result "0-1"]
[BlackTitle "FM"]
[WhiteElo "2095"]
[BlackElo "2425"]
[WhiteFideId "30900255"]
[BlackFideId "2007630"]
[EventDate "2017.10.21"]

1. d4 Nf6 2. c4 g6 3. Nc3 Bg7 4. e4 d6 5. f3 O-O 6. Nge2 c5 7. d5 e6 8. Ng3 exd5
9. cxd5 a6 10. a4 h5 11. Bg5 Qb6 12. Qd2 Nh7 13. Be3 h4 14. Nge2 Nd7 15. Bf2 h3
16. g4 Ne5 17. Ng1 f5 18. gxf5 gxf5 19. a5 Qc7 20. Bxh3 fxe4 21. Bxc8 Raxc8 22.
fxe4 Qf7 23. Kf1 Ng4 24. Nd1 Bd4 25. Ra3 Nxf2 26. Rf3 Nxe4 27. Qh6 Qxd5 28. Ke2
Neg5 0-1

[Event "SPICE Cup Open 2017"]
[Site "Saint Louis USA"]
[Date "2017.10.23"]
[Round "4.15"]
[White "Jacobson, Brandon"]
[Black "Betaneli, Alexander"]
[Result "1-0"]
[WhiteTitle "FM"]
[BlackTitle "FM"]
[WhiteElo "2396"]
[BlackElo "2204"]
[WhiteFideId "30901561"]
[BlackFideId "2012359"]
[EventDate "2017.10.21"]

1. d4 d5 2. Nf3 Nf6 3. e3 e6 4. Bd3 b6 5. b3 Bb7 6. O-O Nbd7 7. c4 g6 8. Nc3 Bg7
9. cxd5 Nxd5 10. Nxd5 exd5 11. Ba3 Bf8 12. Bxf8 Kxf8 13. Rc1 Kg7 14. Bb5 Rc8 15.
Bc6 Bxc6 16. Rxc6 Nb8 17. Rc3 Qd6 18. Qc2 c6 19. Rc1 f6 20. h4 Rhe8 21. g3 Re6
22. Kg2 Nd7 23. Ne1 f5 24. Nd3 h5 25. b4 b5 26. a4 a6 27. Nc5 Nxc5 28. Rxc5 Rb8
29. axb5 cxb5 30. Rc7+ Kh6 31. Qd2 Re7 32. R7c6 Qd7 33. Rxa6 Re6 34. e4+ Kh7 35.
Rxe6 Qxe6 36. Rc7+ Kg8 37. Qh6 Qxe4+ 38. Kh2 1-0

[Event "SPICE Cup Open 2017"]
[Site "Saint Louis USA"]
[Date "2017.10.23"]
[Round "4.17"]
[White "Grabinsky, Aaron"]
[Black "Baginskaite, Camilla"]
[Result "1-0"]
[BlackTitle "WGM"]
[WhiteElo "2366"]
[BlackElo "2140"]
[WhiteFideId "2087090"]
[BlackFideId "2014599"]
[EventDate "2017.10.21"]

1. d4 Nf6 2. Nf3 d5 3. Bf4 c5 4. c3 Qb6 5. Qb3 Nc6 6. dxc5 Qxc5 7. e3 e6 8. Nbd2
Be7 9. Bd3 Nh5 10. Bg3 Nxg3 11. hxg3 Bd7 12. Rc1 h6 13. Bb1 e5 14. O-O Be6 15.
Qa4 O-O 16. b4 Qd6 17. b5 Nb8 18. c4 Nd7 19. Rfd1 Rfc8 20. cxd5 Rxc1 21. Rxc1
Bxd5 22. Rd1 g6 23. Qc2 Be6 24. Nc4 Qc5 25. Na5 Qb6 26. Qa4 Rc8 27. Nb3 Rc4 28.
Qa5 Bb4 29. Qxb6 axb6 30. Bd3 Rc3 31. Be4 Nc5 32. Nxc5 Rxc5 33. a4 Ba5 34. Bxb7
Bb3 35. Rd8+ Kg7 36. e4 Kf6 37. g4 Bxa4 38. Bd5 Bxb5 39. Rf8 Rc7 40. Rh8 Kg7 41.
Rb8 Kf6 42. g3 Bd7 43. Nh2 b5 44. Kg2 Bc3 45. Nf3 b4 46. g5+ hxg5 47. Rb6+ Be6
48. Bxe6 fxe6 49. Nh2 Ra7 50. Kf3 Ke7 51. Kg4 Ra2 52. Nf3 Rxf2 53. Nxg5 Rf6 54.
Nh7 Rf7 55. Ng5 Rf6 56. Nh7 Rf1 57. Ng5 Rb1 58. Nxe6 b3 59. Nc5 b2 60. Nd3 Bd4
61. Rb4 Kf6 62. Rb3 Rd1 63. Nxb2 Rb1 64. Rf3+ Kg7 65. Nc4 Rb8 66. Rf1 Rc8 67.
Nd6 Rd8 68. Rf7+ Kg8 69. Rf6 Kg7 70. Re6 Rd7 71. Nc4 Rc7 72. Nxe5 Bxe5 73. Rxe5
Kf6 74. Ra5 Rc4 75. Ra6+ Kg7 76. Kf4 Kf7 77. g4 Rb4 78. Ra7+ Ke6 79. Ra6+ Kf7
80. Rc6 Rb1 81. Ra6 Rc1 82. Rd6 Ra1 83. Kg5 Re1 84. Rf6+ Ke7 85. Kxg6 Rxe4 86.
g5 Rg4 87. Rf1 Rg2 88. Kh6 Ke6 89. g6 Ke7 90. Kh7 Rh2+ 91. Kg8 Rg2 92. g7 Rg3
93. Re1+ Kd7 94. Re4 1-0

[Event "SPICE Cup Open 2017"]
[Site "Saint Louis USA"]
[Date "2017.10.23"]
[Round "4.18"]
[White "Guo, Arthur"]
[Black "Quintiliano Pinto, Renato R."]
[Result "0-1"]
[WhiteTitle "FM"]
[BlackTitle "IM"]
[WhiteElo "2219"]
[BlackElo "2451"]
[WhiteFideId "30903114"]
[BlackFideId "2117568"]
[EventDate "2017.10.21"]

1. e4 c5 2. Nf3 d6 3. d4 cxd4 4. Nxd4 Nf6 5. Nc3 a6 6. g3 e5 7. Nb3 Be7 8. a4
Nc6 9. Bg2 Nb4 10. Bg5 Be6 11. O-O Rc8 12. a5 Qd7 13. Nc1 O-O 14. Nd3 Nxd3 15.
cxd3 h6 16. Be3 d5 17. d4 exd4 18. Bxd4 Nxe4 19. Nxe4 dxe4 20. Bxe4 Rc4 21. Bxg7
Qxd1 22. Rfxd1 Kxg7 23. Bxb7 Bc8 24. Bxc8 Rfxc8 25. b3 Rc2 26. Ra4 Rc1 27. Rxc1
Rxc1+ 28. Kg2 Rc3 29. Re4 Kf8 30. b4 Ke8 31. Re5 Rb3 32. Rh5 Bf8 33. Rf5 Bg7 34.
Rf4 Rb2 35. Re4+ Kd7 36. Rf4 Ke6 37. Rc4 Bf8 38. Rc6+ Bd6 39. Rxa6 Rxb4 40. Ra8
Rb2 41. a6 Bc5 42. a7 Rxf2+ 43. Kh3 Kf6 44. Rh8 Bxa7 45. Rxh6+ Kg5 46. Rh8 Rc2
47. Rg8+ Kh6 48. Kg4 Kh7 49. Ra8 Bd4 50. h4 Rc3 51. Ra5 f6 52. Ra2 Be5 53. Rg2
Kg6 54. h5+ Kh6 55. Kh4 f5 56. g4 Bf6+ 0-1

[Event "SPICE Cup Open 2017"]
[Site "Saint Louis USA"]
[Date "2017.10.23"]
[Round "4.19"]
[White "Rahul, Srivatshav P"]
[Black "Colas, Joshua"]
[Result "1-0"]
[BlackTitle "FM"]
[WhiteElo "2373"]
[BlackElo "2242"]
[WhiteFideId "25059653"]
[BlackFideId "2044447"]
[EventDate "2017.10.21"]

1. Nf3 Nf6 2. g3 d5 3. Bg2 g6 4. O-O Bg7 5. d3 O-O 6. Nbd2 c5 7. e4 Nc6 8. Re1
d4 9. a4 e5 10. Nc4 Qc7 11. Rf1 Be6 12. b3 h6 13. Ne1 Nd7 14. f4 f5 15. exf5
Bxf5 16. Nf3 e4 17. dxe4 Bxe4 18. Ng5 Bf5 19. g4 hxg5 20. gxf5 Rxf5 21. Be4 Ne7
22. Bxf5 Nxf5 23. fxg5 d3 24. Bb2 Nb6 25. Qxd3 Rd8 26. Qe2 Nd4 27. Qe4 Nxc4 28.
bxc4 Kh7 29. Ra3 Qd7 30. Re3 b6 31. Qg2 Qd6 32. Rh3+ Kg8 33. Bxd4 cxd4 34. Rf6
Qd7 35. Rxg6 1-0

[Event "SPICE Cup Open 2017"]
[Site "Saint Louis USA"]
[Date "2017.10.23"]
[Round "4.20"]
[White "Williams, Justus"]
[Black "Yoo, Christopher Woojin"]
[Result "1/2-1/2"]
[WhiteTitle "FM"]
[BlackTitle "FM"]
[WhiteElo "2371"]
[BlackElo "2194"]
[WhiteFideId "2049929"]
[BlackFideId "30909694"]
[EventDate "2017.10.21"]

1. c4 Nf6 2. g3 g6 3. Bg2 d5 4. cxd5 Nxd5 5. d4 Bg7 6. e4 Nb6 7. Ne2 c5 8. d5
O-O 9. O-O e6 10. Nbc3 exd5 11. exd5 Na6 12. Bf4 Bf5 13. b3 Nb4 14. Qd2 c4 15.
Bg5 Qd7 16. Bh6 Bxh6 17. Qxh6 Bd3 18. Rfd1 Qd6 19. bxc4 Nxc4 20. Nf4 Bf5 21. Qh4
Qe5 22. Nce2 Nb2 23. Rd2 Nc4 24. Rdd1 Nb2 25. Rd2 Nc4 1/2-1/2

[Event "SPICE Cup Open 2017"]
[Site "Saint Louis USA"]
[Date "2017.10.23"]
[Round "4.21"]
[White "Heimann, Mark"]
[Black "Gosdin, Kaleb"]
[Result "1-0"]
[WhiteTitle "FM"]
[WhiteElo "2363"]
[BlackElo "2011"]
[WhiteFideId "2028441"]
[BlackFideId "30920442"]
[EventDate "2017.10.21"]

1. e4 g6 2. d4 Bg7 3. Nf3 d6 4. Bc4 Nf6 5. Qe2 O-O 6. e5 dxe5 7. dxe5 Nd5 8. O-O
Bg4 9. Nbd2 c6 10. h3 Bxf3 11. Nxf3 e6 12. h4 Nd7 13. h5 b5 14. Bb3 Nc5 15. Bg5
Qc7 16. c4 bxc4 17. Bxc4 Nb6 18. Rac1 Rfe8 19. Rfe1 Rac8 20. Qe3 Nxc4 21. Rxc4
Nd7 22. hxg6 hxg6 23. Qf4 Rb8 24. b3 Rb5 25. Rce4 Rd5 26. Bh6 Qd8 27. Qh2 Nc5
28. Rh4 Rd1 29. Bxg7 Rxe1+ 30. Nxe1 Kxg7 31. Rh7+ Kf8 32. Qf4 Qd7 33. Rh8+ 1-0

[Event "SPICE Cup Open 2017"]
[Site "Saint Louis USA"]
[Date "2017.10.23"]
[Round "4.22"]
[White "Rosenthal, Nicholas"]
[Black "Santarius, Erik"]
[Result "1-0"]
[BlackTitle "FM"]
[WhiteElo "2164"]
[BlackElo "2318"]
[WhiteFideId "2045150"]
[BlackFideId "2025817"]
[EventDate "2017.10.21"]

1. e4 c6 2. d3 e5 3. f4 exf4 4. Bxf4 d5 5. exd5 Qxd5 6. Nf3 Qe6+ 7. Be2 Bd6 8.
Bxd6 Qxd6 9. Nbd2 Nf6 10. Nc4 Qc7 11. Qd2 O-O 12. O-O-O Be6 13. Nd4 Bxc4 14.
dxc4 Nbd7 15. g4 Rfe8 16. Nf5 Nf8 17. Bd3 Ng6 18. Rhf1 Nxg4 19. h4 f6 20. Rg1
N6e5 21. h5 Rad8 22. Kb1 Nxc4 23. Bxc4+ Kh8 24. Qg2 Ne3 25. Nxe3 Rxe3 26. h6 g6
27. Qf2 1-0

[Event "SPICE Cup Open 2017"]
[Site "Saint Louis USA"]
[Date "2017.10.23"]
[Round "4.23"]
[White "Furfine, Jacob"]
[Black "Mathur, Rithwik"]
[Result "0-1"]
[WhiteTitle "CM"]
[WhiteElo "2297"]
[BlackElo "1986"]
[WhiteFideId "2099462"]
[BlackFideId "30913667"]
[EventDate "2017.10.21"]

1. d4 Nf6 2. Nf3 d5 3. c4 e6 4. Nc3 Nbd7 5. g3 dxc4 6. Bg2 c6 7. a4 Bb4 8. O-O
O-O 9. Qc2 Qe7 10. Rd1 e5 11. Bg5 exd4 12. Rxd4 h6 13. Bf4 Bc5 14. Rdd1 Re8 15.
Nd4 Nf8 16. Nf5 Bxf5 17. Qxf5 Ng6 18. e3 Rad8 19. Bf1 Bb4 20. Bxc4 Nxf4 21. Qxf4
Bxc3 22. bxc3 Rxd1+ 23. Rxd1 Rd8 24. Rd4 Rxd4 25. cxd4 Qb4 26. Qb8+ Kh7 27. Bd3+
g6 28. Kg2 Kg7 29. Qxa7 Qd2 30. Qxb7 Ng4 31. Bxg6 Qxf2+ 32. Kh3 Kxg6 33. Qxc6+
Nf6 34. Qb5 Qxe3 35. a5 Qxd4 36. a6 Qd7+ 37. Qxd7 Nxd7 38. a7 Nb6 39. Kg4 Na8
40. Kf4 Kf6 41. g4 Nc7 42. h4 Kg6 43. Ke4 Kf6 44. Kf4 Kg6 45. Ke4 f6 46. Kd3 h5
47. gxh5+ Kxh5 48. Ke4 Kg4 49. h5 Kg5 50. Kd4 Nb5+ 51. Kd5 Nxa7 52. Ke6 Nb5 53.
h6 Kg6 54. h7 Nc7+ 55. Ke7 Nd5+ 56. Ke6 Kxh7 57. Kxd5 Kg6 58. Ke4 Kg5 59. Kf3
Kf5 60. Kg3 Ke4 61. Kf2 Kf4 62. Kg2 Ke3 63. Kg3 f5 64. Kg2 f4 0-1

[Event "SPICE Cup Open 2017"]
[Site "Saint Louis USA"]
[Date "2017.10.23"]
[Round "4.24"]
[White "Easton, Jack"]
[Black "Tsay, Vincent"]
[Result "1/2-1/2"]
[BlackTitle "FM"]
[WhiteElo "2162"]
[BlackElo "2265"]
[WhiteFideId "30900069"]
[BlackFideId "30931835"]
[EventDate "2017.10.21"]

1. d4 d5 2. c4 e6 3. Nc3 c6 4. e3 Nf6 5. Nf3 a6 6. Qc2 c5 7. dxc5 Bxc5 8. a3 O-O
9. b4 Bd6 10. Bb2 Re8 11. Rd1 Qc7 12. Qb3 dxc4 13. Qxc4 Qxc4 14. Bxc4 Be7 15.
Ne5 Nbd7 16. Nxd7 Bxd7 17. Ne4 Ba4 18. Rd4 Bc6 19. Nc5 e5 20. Rd3 Bxc5 21. bxc5
Bxg2 22. Rg1 Be4 23. Rd6 Kf8 24. Rg5 Rac8 25. Bxe5 Rxc5 26. Bxf6 Rxc4 27. Bxg7+
Ke7 28. Rd4 Rxd4 29. Bxd4 Kd7 30. Re5 Rxe5 31. Bxe5 Ke6 32. Bd4 Kd5 33. a4 Kc4
34. a5 Kd3 35. f4 Bf3 36. Kf2 Ke4 37. Kg3 h5 38. Bb6 Be2 39. Kf2 Bc4 40. Kg3 Be2 1/2-1/2

[Event "SPICE Cup Open 2017"]
[Site "Saint Louis USA"]
[Date "2017.10.23"]
[Round "4.25"]
[White "Wang, Jason"]
[Black "Black, James"]
[Result "0-1"]
[WhiteTitle "CM"]
[WhiteElo "2153"]
[BlackElo "2164"]
[WhiteFideId "30908124"]
[BlackFideId "2048280"]
[EventDate "2017.10.21"]

1. d4 c5 2. d5 e5 3. e4 d6 4. Nc3 Be7 5. Nf3 Bg4 6. Be2 Bxf3 7. Bxf3 Bg5 8. Bxg5
Qxg5 9. Qe2 a6 10. a4 Ne7 11. g3 O-O 12. O-O Ng6 13. Bg2 Re8 14. Nd1 Nd7 15. Ne3
Ngf8 16. c3 g6 17. Qd3 Qe7 18. Rfd1 Nf6 19. a5 Rac8 20. Nc4 Nh5 21. Bh3 Rc7 22.
Qd2 Qf6 23. Rf1 g5 24. Qd1 Ng7 25. Kh1 h5 26. f3 Ng6 27. Qb3 Qe7 28. Qb6 Rd8 29.
Rad1 Ne8 30. Bf5 Qf6 31. Kg1 Kg7 32. Kh1 Ne7 33. f4 exf4 34. gxf4 Nxf5 35. fxg5
Qe7 36. Rde1 Nh4 37. e5 Kh8 38. Re3 Qxg5 39. Rg3 Qe7 40. Qb3 dxe5 41. Qd1 Ng7
42. Qd2 Nhf5 43. Rg5 Rxd5 44. Qg2 e4 45. Rg1 f6 46. Rxh5+ Kg8 47. Rh3 Qf7 48.
Qxe4 Re7 49. Qf3 Nd6 50. Rhg3 Ne8 51. h3 Kf8 52. b3 Rf5 53. Qg4 Qd5+ 54. R3g2
Rg5 55. Qh4 Re2 56. Ne3 Rxe3 57. Kh2 Qe5+ 58. Kh1 Qxc3 0-1

[Event "SPICE Cup Open 2017"]
[Site "Saint Louis USA"]
[Date "2017.10.23"]
[Round "4.26"]
[White "Shoykhet, Benjamin"]
[Black "Polgar-Shutzman, Tom"]
[Result "0-1"]
[WhiteElo "1819"]
[BlackElo "2055"]
[WhiteFideId "30919746"]
[BlackFideId "2064880"]
[EventDate "2017.10.21"]

1. c4 Nf6 2. g3 g6 3. Bg2 Bg7 4. Nf3 O-O 5. O-O d6 6. Nc3 Nc6 7. Rb1 a5 8. a3 e5
9. d3 h6 10. b4 axb4 11. axb4 Be6 12. h3 Nd7 13. Nd2 Ne7 14. Kh2 c6 15. Nb3 f5
16. Na5 Qc7 17. Bd2 f4 18. Qc2 g5 19. Ra1 g4 20. hxg4 fxg3+ 21. fxg3 Nf6 22. Ne4
Nxg4+ 23. Kg1 Nf5 24. Qb2 Qe7 25. b5 Nxg3 26. Nxg3 Qh4 27. Rf3 Qh2+ 28. Kf1 Qxg3
29. Kg1 Qh2+ 30. Kf1 e4 31. Bc3 exf3 32. exf3 Ne3+ 0-1

[Event "SPICE Cup Open 2017"]
[Site "Saint Louis USA"]
[Date "2017.10.23"]
[Round "4.27"]
[White "Cervantes Landeiro, Thalia"]
[Black "Mercado, Luisa Fernanda"]
[Result "1/2-1/2"]
[WhiteTitle "WFM"]
[BlackTitle "WFM"]
[WhiteElo "2107"]
[BlackElo "1944"]
[WhiteFideId "3520498"]
[BlackFideId "4400984"]
[EventDate "2017.10.21"]

1. d4 d5 2. Nf3 Nf6 3. g3 Bf5 4. Bg2 e6 5. O-O Be7 6. b3 h6 7. Bb2 O-O 8. c4 c6
9. Nc3 Ne4 10. Nd2 Nxc3 11. Bxc3 Nd7 12. Re1 Bg6 13. e3 b5 14. e4 dxc4 15. bxc4
Nb6 16. Rb1 bxc4 17. a4 a5 18. Bf1 Bb4 19. Qc2 Nxa4 20. Bxb4 axb4 21. Rxb4 Qxd4
22. Rxc4 Qb2 23. Qxb2 Nxb2 24. Rxc6 Rfd8 25. Nf3 Ra4 26. Rc2 Rb4 27. Ne5 Bxe4
28. Rc7 f6 29. Nd7 Bf5 30. Nc5 e5 31. Be2 Rd2 32. h4 Na4 33. Rb7 Rxb7 34. Nxb7
Nc3 35. Bf3 e4 36. Bg2 Nd1 37. Bxe4 Bxe4 38. Rxe4 Nxf2 39. Re3 Ng4 40. Re4 f5
41. Re7 Kh7 42. Nc5 Nf6 43. Ne6 Nh5 44. Nf8+ Kg8 45. Ne6 Kh7 46. Nf8+ Kg8 47.
Ne6 1/2-1/2

[Event "SPICE Cup Open 2017"]
[Site "Saint Louis USA"]
[Date "2017.10.23"]
[Round "5.1"]
[White "Robson, Ray"]
[Black "Bruzon Batista, Lazaro"]
[Result "1/2-1/2"]
[WhiteTitle "GM"]
[BlackTitle "GM"]
[WhiteElo "2644"]
[BlackElo "2660"]
[WhiteFideId "2023970"]
[BlackFideId "3503739"]
[EventDate "2017.10.21"]

1. e4 e5 2. Nf3 Nc6 3. Bc4 Bc5 4. O-O Nf6 5. d3 d6 6. c3 a6 7. a4 Ba7 8. Nbd2
O-O 9. h3 Ne7 10. Re1 Ng6 11. Nf1 c6 12. Bb3 d5 13. Bg5 dxe4 14. dxe4 h6 15.
Qxd8 Rxd8 16. Be3 Bxe3 17. Rxe3 a5 1/2-1/2

[Event "SPICE Cup Open 2017"]
[Site "Saint Louis USA"]
[Date "2017.10.23"]
[Round "5.2"]
[White "Shimanov, Aleksandr"]
[Black "Swiercz, Dariusz"]
[Result "1/2-1/2"]
[WhiteTitle "GM"]
[BlackTitle "GM"]
[WhiteElo "2640"]
[BlackElo "2639"]
[WhiteFideId "4198603"]
[BlackFideId "1126881"]
[EventDate "2017.10.21"]

1. c4 Nf6 2. Nc3 e5 3. Nf3 Nc6 4. e3 Bb4 5. Qc2 Bxc3 6. bxc3 d6 7. d3 O-O 8. Be2
Ne7 9. O-O Ng6 10. Rb1 Re8 11. Nd2 b6 12. Rd1 Bg4 13. f3 Bd7 14. Nf1 c6 1/2-1/2

[Event "SPICE Cup Open 2017"]
[Site "Saint Louis USA"]
[Date "2017.10.23"]
[Round "5.3"]
[White "Cori, Jorge"]
[Black "Azarov, Sergei"]
[Result "1-0"]
[WhiteTitle "GM"]
[BlackTitle "GM"]
[WhiteElo "2657"]
[BlackElo "2556"]
[WhiteFideId "3802272"]
[BlackFideId "13501470"]
[EventDate "2017.10.21"]

1. c4 e6 2. Nc3 d5 3. e3 Nf6 4. Nf3 Be7 5. d4 O-O 6. Bd3 dxc4 7. Bxc4 c5 8. O-O
cxd4 9. exd4 Nc6 10. Re1 b6 11. a3 Bb7 12. Ba2 Rc8 13. Qd3 h6 14. Be3 Re8 15.
Rad1 Bf8 16. Bf4 Ne7 17. Rxe6 Bxf3 18. Rxf6 Bxd1 19. Rxf7 Kh8 20. Qxd1 Ng6 21.
Be3 Rc7 22. Qg4 Rxf7 23. Bxf7 1-0

[Event "SPICE Cup Open 2017"]
[Site "Saint Louis USA"]
[Date "2017.10.23"]
[Round "5.4"]
[White "Leon Hoyos, Manuel"]
[Black "Quesada Perez, Yuniesky"]
[Result "0-1"]
[WhiteTitle "GM"]
[BlackTitle "GM"]
[WhiteElo "2490"]
[BlackElo "2619"]
[WhiteFideId "5105269"]
[BlackFideId "3504409"]
[EventDate "2017.10.21"]

1. e4 e5 2. Nf3 Nc6 3. Bc4 Bc5 4. d3 Nf6 5. O-O d6 6. c3 a6 7. a4 Ba7 8. h3 O-O
9. Re1 Ne7 10. d4 Ng6 11. Nbd2 exd4 12. cxd4 d5 13. exd5 Nxd5 14. Ne4 c6 15. Ne5
Bf5 16. Qf3 Bxe4 17. Qxe4 Re8 18. Qg4 Qd6 19. Be3 Re6 20. Nf3 Rae8 21. Bd2 Nf8
22. Re5 f6 23. Ree1 Rxe1+ 24. Rxe1 Rxe1+ 25. Bxe1 Qe6 26. Bxd5 cxd5 27. Qf4 Qd7
28. b3 Ne6 29. Qg4 Qc6 30. Bd2 Bb8 31. Nh4 g6 32. Nxg6 hxg6 33. Qxg6+ Ng7 34.
Bh6 Qc7 35. Qxf6 Kh7 36. f4 Nh5 37. Qf5+ Kxh6 38. Qg5+ Kh7 39. Qxh5+ Kg7 40.
Qg5+ Kh7 41. Qh5+ Kg7 42. Qg5+ Kh7 43. Qxd5 Qc1+ 44. Kf2 Qd2+ 45. Kf3 Qxf4+ 46.
Ke2 Qc7 47. Qe4+ Kg7 48. h4 Qf7 49. Qg4+ Kh7 50. h5 Kh6 51. Qc8 Qxh5+ 52. g4
Qh2+ 53. Kd3 Qh3+ 54. Kc2 Qg2+ 55. Kb1 Qe4+ 56. Ka2 Qe2+ 57. Kb1 Qe4+ 58. Ka2
Bf4 59. Qh8+ Kg5 60. Qh5+ Kf6 61. Qh8+ Kf7 62. Qc8 Ke7 63. g5 Bxg5 64. Qc5+ Kf6
65. d5 Qe2+ 66. Ka3 Qe7 67. d6 Qd7 68. Qd4+ Kg6 69. b4 Qe6 70. Qd3+ Qf5 71. Qc3
Qd5 72. Qc2+ Kf6 73. Qc8 Qd3+ 74. Kb2 Qd2+ 75. Kb3 Qd3+ 76. Kb2 Qe2+ 77. Ka3
Qe3+ 78. Kb2 Qd4+ 79. Kb3 Qe3+ 80. Kb2 Qe5+ 81. Kb3 Qe6+ 82. Qc4 b5 83. axb5
axb5 0-1